Sultan al-Nasir Saladin al-Ayyubi zwischen Kairo und Damaskus : Führer durch die Ausstellung /

Saved in:

Corporate Authors: Landesmuseum für Natur und Mensch Oldenburg., Majlis al-Aʻlá lil-Āthār (Egypt)

Other Authors: El-Sadeek, Wafaa., Fansa, Mamoun.

Format: Book

Language: German

Published: [Kairo] : Supreme Council of Antiquities, [200-]

Series: Schriftenreihe des Landesmuseums für Natur und Mensch ; 65.

Subjects:

Tags: Add Tag

No Tags, Be the first to tag this record!

Call Number: DS38.6 .S42 200-

LEADER 01337namaa2200325 4500
001 22422
003 OSt
005 20250326075304.0
008 130303q20002009ua ae g 000 0 ger d
040 |c ARCE Library 
050 4 |a DS38.6 .S42 200- 
245 0 0 |a Sultan al-Nasir Saladin al-Ayyubi zwischen Kairo und Damaskus :   |b Führer durch die Ausstellung /   |c herausgegben von Wafaa El-Saddik, Mamoun Fansa. 
264 1 |a [Kairo] :  |b Supreme Council of Antiquities,  |c [200-] 
300 |a 97 pages :  |b illustrations (chiefly color), plans ;  |c 24 cm. 
490 1 |a Schriftenreihe des Landesmuseums für Natur und Mensch ;   |v 65. 
500 |a Guide to an exhibition held in Oldenburg, Mannheim and Halle, Germany. 
504 |a Includes bibliographical references. 
555 |a Nabil 
600 |a Saladin,   |c Sultan of Egypt and Syria,   |d 1137-1193   |v Exhibitions. 
650 0 |a Architecture, Ayyubid  |z Egypt  |v Exhibitions. 
650 0 |a Architecture, Ayyubid  |z Syria  |v Exhibitions. 
650 0 |a Art, Ayyubid  |v Exhibitions. 
700 1 |a El-Sadeek, Wafaa. 
700 1 |a Fansa, Mamoun.  |9 29800 
710 2 |a Landesmuseum für Natur und Mensch Oldenburg. 
710 2 |a Majlis al-Aʻlá lil-Āthār (Egypt) 
830 0 |a Schriftenreihe des Landesmuseums für Natur und Mensch ;   |v 65. 
901 |a reviewed 
942 |c BK  |2 lcc 
999 |c 21404  |d 21404